| 000 | 01406nam a2200349Ia 4500 | ||
|---|---|---|---|
| 001 | ebr10696081 | ||
| 003 | CaPaEBR | ||
| 006 | m u | ||
| 007 | cr cn||||||||| | ||
| 008 | 990511r20061998enk s 001 0 eng d | ||
| 010 | _z 99205216 | ||
| 020 | _z1872870570 (pbk.) | ||
| 020 | _z9781872870571 | ||
| 020 | _z9781906534431 (ebook) | ||
| 040 |
_aCaPaEBR _cCaPaEBR |
||
| 035 | _a(OCoLC)847010346 | ||
| 050 | 1 | 4 |
_aKD734 _b.W76 2006eb |
| 082 | 0 | 4 |
_a346.4101/34 _221 |
| 100 | 1 | _aWroath, John. | |
| 245 | 1 | 0 |
_aUntil they are seven _h[electronic resource] : _bthe origins of women's legal rights / _cJohn Wroath. |
| 260 |
_aWinchester [England] : _bWaterside Press, _c2006, c1998. |
||
| 300 | _a140 p. | ||
| 500 | _aIncludes index. | ||
| 533 |
_aElectronic reproduction. _bPalo Alto, Calif. : _cebrary, _d2013. _nAvailable via World Wide Web. _nAccess may be limited to ebrary affiliated libraries. |
||
| 650 | 0 |
_aCustody of children _zGreat Britain _xHistory _y19th century. |
|
| 650 | 0 |
_aMarital property _zGreat Britain _xHistory _y19th century. |
|
| 650 | 0 |
_aWomen _xLegal status, laws, etc. _zGreat Britain _xHistory _y19th century. |
|
| 650 | 0 |
_aWomen _zGreat Britain _xSocial conditions. |
|
| 655 | 7 |
_aElectronic books. _2local |
|
| 710 | 2 | _aebrary, Inc. | |
| 856 | 4 | 0 |
_uhttp://site.ebrary.com/lib/rucke/Doc?id=10696081 _zAn electronic book accessible through the World Wide Web; click to view |
| 999 |
_c8569 _d8569 |
||